000 00578ntaaa2200205 4500
003 01
005 20251027202726.0
008 0714s1973 ag 01
040 _aAR-BaBN
_bspa
_cAR-BaBN
_eaacr
_dRIC
082 _a641.5000 Am7
100 _aAmpuero, Celia Peverini de
_927142
245 _aArte y salud en la cocina
250 _a1 ed.
260 _aBuenos Aires :
_bAsociación Casa Editora Sudamericana,
_c1964
300 _a165 p
500 _aConocimientos básicos sobre alimentación, menues, etc.
650 _aalimentación
_97502
650 _arecetas
942 _cBK
999 _c22493
_d22493